000 00551nam a22001817a 4500
999 _c185961
_d185961
005 20220211114023.0
010 _aENG-131530
020 _a9789383657407
_c25.00
035 _aEN-115062
037 _bDBAD
082 _a342.54
100 _aSingh, Pritam
245 _aHindu Bias in Indian Constituion/
_cPritam Singh
260 _aNew Delhi
_bCritical Quest
_c2017
270 _a420, G-Block, Phase VI, Aya Nagar
_bNew Delhi
_e110047
_mcriticalquest@rediffmail.com
300 _a32p.
_c21cm(pbk)
942 _2ddc
_cEN
_h342.54
_mPRI